000 00710nam a2200241Ia 4500
003 OSt
005 20220928132731.0
006 a|||||r|||| 00| 0
007 ta
008 220927b |||||||| |||| 00| 0 eng d
024 _a59339
037 _cTextual
040 _aSDCL
_cSDCL
_beng
041 _2eng
_aeng
082 _aR6634,51x1,1, G6.1-.2
100 _aShripatipandet
_9482784
245 0 _aShrikarbhashyam
_b Vedanantsutranama veershavebhashyam.2V.
260 _aBenglore
_bBenglore Press
_c1936
490 _vV1:885p
700 _a Roy Hayevadhan
_9482785
942 _hR6634,51x1,1, G6.1-.2
_cTEXL
_2CC
999 _c795575
_d795575